000
00209nam a2200085Ia 4500
008
120527s9999 xx 000 0 und d
100
_a
Gubrium & Holstein
245
_a
Couples, kind and faimily life
942
_c
BK
999
_c
27743
_d
27743